Ústny prejav a interakcia vo výučbe cudzích jazykov

Ústny a písomný prejav v cudzom jazyku. Úroveň ústneho prejavu a kvalita vzájomnej interakcie je závislá od jazykových vedomostí a od schopností účastníkov komunikácie prezentovať svoje vedomosti aj ústnou formou.

Guardado en:
Detalles Bibliográficos
Autor principal: Kunovská, Ingrid, 1976-
Formato: Capítulo de libro
Lenguaje:eslovaco
Materias:
Etiquetas: Agregar Etiqueta
Sin Etiquetas, Sea el primero en etiquetar este registro!

MARC

LEADER 00000nla a2200000 4500
001 0194360
005 20240924091916.4
041 0 |a slo 
044 |a SK 
245 1 0 |a Ústny prejav a interakcia vo výučbe cudzích jazykov  |c Ingrid Kunovská 
520 |a Ústny a písomný prejav v cudzom jazyku. Úroveň ústneho prejavu a kvalita vzájomnej interakcie je závislá od jazykových vedomostí a od schopností účastníkov komunikácie prezentovať svoje vedomosti aj ústnou formou. 
610 2 0 |a vzdelávanie 
610 2 0 |a jazyky cudzie 
610 2 0 |a komunikácia verbálna 
100 1 |a Kunovská, Ingrid, 1976-